Guess the Fusion Rock Song Lyrics #283 - Statistics

General Stats
  • This quiz has been taken 19 times
  • The average score is 179 of 258
Answer Stats
Answer % Correct
a
100%
I
100%
and
93%
And
93%
me
93%
my
93%
n
93%
There
93%
be
87%
In
87%
in
87%
just
87%
love
87%
on
87%
On
87%
Queen
87%
She
87%
she
87%
Then
87%
This
87%
to
87%
all
80%
can't
80%
I'm
80%
Im
80%
it
80%
It
80%
baby
73%
get
73%
gives
73%
goes
73%
ready
73%
Ready
73%
back
67%
called
67%
Called
67%
cold
67%
Freddie
67%
how
67%
knows
67%
Like
67%
like
67%
Take
67%
take
67%
thing
67%
Yeah
67%
yeah
67%
bike
60%
Crazy
60%
crazy
60%
drives
60%
fever
60%
gotta
60%
handle
60%
leaves
60%
little
60%
motor
60%
must
60%
night
60%
rock
60%
roll
60%
sweat
60%
aint
53%
ain't
53%
cool
53%
hot
53%
long
53%
seat
53%
cries
47%
over
47%
relax
47%
ride
47%
hike
33%
hip
33%
hitch
33%
Hitch
33%
jellyfish
33%
round
33%
shakes
33%
kinda
27%
until
27%
Until
27%
woo
27%
Woo
27%
swings
20%
tracks
20%
cradle
13%
jives
13%
No matching quizzes found
Score Distribution
Percent of People with Each Score
Percentile by Number Answered
Your Score History
You have not taken this quiz